000 00522nam a22001577a 4500
001 T027600003952
008 181111b xve|||||r|||| 00| | esp d
099 _aIVP-D-00609
_b
100 _aMinisterio de Planificación y Desarrollo (MPD).
245 _aTaller “Plan Operativo Anual Nacional (POAN) y Presupuesto para el ejercicio fiscal 2002.
260 _a
500 _aFotocopiado
650 _aPlanificación Estratégica--Herramientas--Venezuela
650 _aPresupuesto--Herramientas--Venezuela.
942 _cLIB
999 _c5093
_d5093